02292nam a2200457 i 4500001001200000003000800012006001900020007001500039008004100054020001800095020002700113040003500140035002100175043001200196050003000208082002000238100003200258245020600290264006300496264001200559300005200571336002100623337002300644338003200667490005000699504005100749588004700800590014700847650003500994650005301029650004701082650005401129650004601183655002201229710001601251776034201267797001201609830007001621856012601691999001701817ebr10832792CaPaEBRm o d cr cn|||||||||140210t20142014dcua ob 001 0 eng d z9781464800931 a9781464801112 (e-book) aCaPaEBRbengerdaepncCaPaEBR a(OCoLC)870589336 af------14aHD9688.A352b.T464 2014eb04a333.79320962231 aTenenbaum, Bernard William.10aFrom the bottom up :bhow small power producers and mini-grids can deliver electrification and renewable energy in Africa /cBernard Tenenbaum, Chris Greacen, Tilak Siyambalapitiya, and James Knuckles. 1aWashington, District of Columbia :bThe World Bank,c2014. 4c�2014 a1 online resource (421 pages) :billustrations. atext2rdacontent acomputer2rdamedia aonline resource2rdacarrier1 aDirections in Development : Energy and Mining aIncludes bibliographical references and index. aDescription based on print version record. aElectronic reproduction. Palo Alto, Calif. : ebrary, 2014. Available via World Wide Web. Access may be limited to ebrary affiliated libraries. 0aRural electrificationzAfrica. 0aRural electrificationxEconomic aspectszAfrica. 0aSmall power production facilitieszAfrica. 0aDistributed generation of electric powerzAfrica. 0aRemote area power supply systemszAfrica. 0aElectronic books.2 aWorld Bank.08iPrint version:aTenenbaum, Bernard William.tFrom the bottom up : how small power producers and mini-grids can deliver electrification and renewable energy in Africa.dWashington, District of Columbia : The World Bank, c2014 hxxiv, 392 pages kDirections in development (Washington, D.C.). Energy and mining.z9781464800931 w20130438312 aebrary. 0aDirections in development (Washington, D.C.).pEnergy and mining.40uhttp://site.ebrary.com/lib/rucke/Doc?id=10832792zAn electronic book accessible through the World Wide Web; click to view c92886d92886